Statistical inference for Markov processes /

Guardado en:
Autor Principal: Billingsley, Patrick.
Formato: Libro
Idioma:English
Publicado: Chicago : University of Chicago Press, 1961.
Series:Statistical research monographs ; v. 2
Etiquetas: Agregar Etiqueta
Sin Etiquetas, Sea el primero en etiquetar este registro!
LEADER 00590nam a22001815 4500
001 MAT.inmabb001801
008 840126s1961####ilu######b####001#0#eng#d
005 20130225152356.0
245 1 0 |a Statistical inference for Markov processes /  |c Patrick Billingsley. 
260 |a Chicago :  |b University of Chicago Press,  |c 1961. 
300 |a 75 p. ;  |c 25 cm. 
440 0 |a Statistical research monographs ;  |v v. 2 
504 |a Bibliografía: p. 73-74. 
510 4 |a MR,  |c 23 #A746 
100 1 |a Billingsley, Patrick. 
084 |a 62Mxx  |2 msc2000 
010 |a  61008646  
859 |h 62  |i B598  |p A-3230  |b BIB. MATEMATICA